01331nas a2200325 4500001001000000003000900010005001700019007000300036008003400039040005400073041000900127072000800136100001600144100002100160100001800181100002300199100001600222245019000238246019700428650001000625650000900635650001100644650001200655650001200667773010000679909004000779942001800819999001900837952014900856BR9214070BR-BrBNA20231205093550.0ta230509b bl.|||p| |||| 00| 00por d aBR-BrBNAbporcBiblioteca Nacional de Agricultura a(Pt) aF031 aTerra, F.M.1 aTillmann, M.A.A.1 aMello, V.D.C.1 aSantos, D.S.B. dos1 aZonta, E.P.1 aCalibracao do determinador de umidade infra-vermelho METTLER LP 15 comparativamente ao metodo da estufa a 105 mais ou menos 3 graus C por 24 horas, para sementes de arroz, soja e cebola1 aCalibration of METTLER LP 15 infraered moisture content determinator for rice, soybean and onion seeds, related to the standard method at 105 degrees C more or less 3 degrees C during 24 hours aArroz aSoja aCebola aSemente aUmidade0 tRevista Brasileira de Sementes (Brazil)xISSN 0101-3122g(1991), v. 13(2) p. 119-125wBR9214070 a202311bLúciac55dLúcia Elande 2AGRISn0cANA c139194d139194 002AGRIS4071a41918b41918cPeriódicos Agrícolash(1991), v. 13(2) p. 119-125l0r2023-11-29t01yCRePortaria Interministerial nº 164/94